Touts les Pays d'Asie en 2 minutes - Statistiques

Statistiques générales
  • Ce quiz a été pris 843 fois
  • Le résultat moyen est 38 sur 48
Réponses sur la Carte
Les réponses sont colorées sur une échelle allant du rouge au vert en fonction du pourcentage des utilisateurs qui les ont devinées à leur premier essai. Vous pouvez retrouver ces pourcentages ci-dessous.
 
Statistiques - réponses
Pays % Correct
Chine
98%
Inde
98%
Japon
96%
Corée du Nord
92%
Corée du Sud
92%
Mongolie
91%
Indonésie
90%
Iran
90%
Turquie
90%
Irak
88%
Pakistan
88%
Arabie Saoudite
87%
Kazakhstan
85%
Viêtnam
85%
Népal
84%
Thaïlande
84%
Laos
82%
Oman
82%
Yémen
81%
Émirats Arabes Unis
80%
Israel
80%
Cambodge
79%
Ouzbékistan
79%
Qatar
79%
Afghanistan
78%
Bangladesh
77%
Malaisie
77%
Philippines
77%
Sri Lanka
77%
Armenie
76%
Bhoutan
76%
Jordanie
75%
Syrie
75%
Birmanie
73%
Géorgie
73%
Taïwan
73%
Turkménistan
73%
Liban
71%
Singapour
70%
Kirghizistan
69%
Tadjikistan
69%
Chypre
68%
Azerbaidjan
67%
Bahreïn
67%
Koweït
67%
Bruneï
59%
Maldives
58%
Timor Oriental
54%
Aucun quiz correspondant
Distribution des résultats
% des personnes avec chaque résultat
Percentile par nombre de réponses
Votre historique - résultats
Vous n’avez pas pris ce quiz